Central Library OPAC University of Rajshahi

Practice of Democracy in Political Parties : (Record no. 79366)

MARC details
000 -LEADER
fixed length control field 01071nam a2200277 a 4500
001 - CONTROL NUMBER
RUCL Control Number 79366
003 - CONTROL NUMBER IDENTIFIER
rucl marc code BD-RjUL
005 - DATE AND TIME OF LATEST TRANSACTION
control field 20220411103047.0
008 - FIXED-LENGTH DATA ELEMENTS--GENERAL INFORMATION
fixed length control field 220214s2010eng |||a|||| m||| 00| 0 eng d
035 ## - SYSTEM CONTROL NUMBER
system control number (BD-RjUL)79366
040 ## - CATALOGING SOURCE
Original cataloging agency BD-RjUL
Language of cataloging eng
Transcribing agency BD-RjUL
Modifying agency BD-RjUL
041 ## - LANGUAGE CODE
Language code of Book eng
082 ## - DEWEY DECIMAL CLASSIFICATION NUMBER
Classification number 324.25492
Author mark and Year AZP 2010
DDC Edition number 23
100 ## - MAIN ENTRY--PERSONAL NAME
Personal name Azad, Mohammad Abul Kalam
9 (RLIN) 1295
245 ## - TITLE STATEMENT
Title Practice of Democracy in Political Parties :
Remainder of title Selected Cases of Bangladesh /
Statement of responsibility, etc Mohammad Abdul Kalam Azad ;
Name of Supervisor/Co-Supervisor Sopervisor : M. Zainul Abedin
260 ## - PUBLICATION, DISTRIBUTION, ETC. (IMPRINT)
Place of publication, distribution, etc Rajshahi :
Name of publisher, distributor, etc Institute of Bamgladesh Studies, University of Rajshahi,
Date of publication, distribution, etc 2010
300 ## - PHYSICAL DESCRIPTION
Pagination xxix, 324 Leaves :
Other physical details ill. ;
Dimensions 29 cm.
502 ## - DISSERTATION NOTE
Dissertation note Thesis (Ph.D.) -- Institute of Bamgladesh Studies, University of Rajshahi, 2010
504 ## - BIBLIOGRAPHY, ETC. NOTE
Bibliography, etc Bibliography : Leaves [305]-319
600 ## - SUBJECT ADDED ENTRY--PERSONAL NAME
Chronological subdivision
-- 2368
650 ## - SUBJECT ADDED ENTRY--TOPICAL TERM
Topical term or geographic name as entry element Political parties
Geographic subdivision Bangladesh
9 (RLIN) 1296
Topical term or geographic name as entry element Politics, Practical.
9 (RLIN) 2369
651 ## - SUBJECT ADDED ENTRY--GEOGRAPHIC NAME
Geographic name Bangladesh
General subdivision Politics and government
9 (RLIN) 2366
700 ## - ADDED ENTRY--SUPERVISOR/CO-SUPERVISOR NAME
Personal name Abedin, M. Zainul, Sopervisor
9 (RLIN) 1297
942 ## - ADDED ENTRY ELEMENTS (KOHA)
Source of classification or shelving scheme Dewey Decimal Classification
Koha item type Theses
Holdings
Source of classification or shelving scheme Damaged status Not for loan Collection code Permanent Location Current Location Shelving location Date of accession Source of acquisition Total Checkouts Full call number Barcode Date last seen Copy number Thesis
Dewey Decimal Classification   Not For Loan Theses Central Library, University of Rajshahi Central Library, University of Rajshahi Documentation Section 01/01/2012 Controller of Exam., R.U   THE 324.25492 AZP 2010 D3291 14/02/2022 C-1 Theses